Les prénoms des ministres du gouvernement Balladur (1993-1995) - Statistiques

Statistiques générales
  • Ce quiz a été pris 55 fois
  • Le résultat moyen est 15 sur 31
Statistiques - réponses
Hint Réponse % Correct
Juppé Alain
97%
Veil Simone
97%
Bayrou François
92%
Sarkozy Nicolas
92%
Fillon François
89%
Pasqua Charles
86%
Alliot-Marie Michèle
86%
Madelin Alain
78%
Barnier Michel
76%
Toubon Jacques
68%
Douste-Blazy Philippe
68%
Léotard François
59%
Longuet Gérard
57%
Méhaignerie Pierre
54%
De Charette Hervé
49%
Perben Dominique
46%
Carignon Alain
43%
Rossinot André
30%
Clément Pascal
27%
Lamassoure Alain
24%
Michaux-Chevry Lucette
24%
Debré Bernard
22%
Bosson Bernard
19%
Alphandéry Raymond
19%
Puech Jean
11%
Roussin Michel
11%
Mestre Philippe
11%
Giraud Michel
8%
Romani Roger
8%
Hoeffei Daniel
5%
Rossi José
5%
Aucun quiz correspondant
Distribution des résultats
% des personnes avec chaque résultat
Percentile par nombre de réponses
Votre historique - résultats
Vous n’avez pas pris ce quiz